000 00981nam a22001577a 4500
999 _c59603
_d59603
005 20230321143905.0
008 230321c2021 ge ||||| |||| 00| 0 geo d
022 _a1512-0481
041 _ageo
245 _aსაქართველოს უზენაესი სასამართლოს გადაწყვეტილებანი /
_bსისხლის სამართლის საქმეებზე : [ყოველთვიური]. სისხლის სამართალი. ზოგადი და კერძო ნაწილები. სისხლის სამართლის პროცესი. კერძო ნაწილი.
260 _aთბილისი,
_c2000-
300 _av.
653 _aსაქართველოს უზენაესი სასამართლოს გადაწყვეტილებანი
653 _aპერიოდიკა
942 _2udc
_cCR